Quantum dharonar utpati aru bikash (Record no. 9038)

MARC details
000 -LEADER
fixed length control field 00476cam a2200193ua 4500
008 - FIXED-LENGTH DATA ELEMENTS--GENERAL INFORMATION
fixed length control field 170322n ii |||gr||||Z||||||asm
040 ## - CATALOGING SOURCE
Transcribing agency MAIN
041 ## - LANGUAGE CODE
-- asm
082 ## - DEWEY DECIMAL CLASSIFICATION NUMBER
Classification number 530.12
100 ## - MAIN ENTRY--PERSONAL NAME
Personal name Deka, Basanta,
Relator term
245 ## - TITLE STATEMENT
Title Quantum dharonar utpati aru bikash
Statement of responsibility, etc. By Basanta Deka
250 ## - EDITION STATEMENT
Edition statement 2nd ed.
260 ## - PUBLICATION, DISTRIBUTION, ETC.
Place of publication, distribution, etc. Handique girls college:
Name of publisher, distributor, etc. Basanta Deka,
Date of publication, distribution, etc. 1988.
300 ## - PHYSICAL DESCRIPTION
Extent 75p.
942 ## - ADDED ENTRY ELEMENTS (KOHA)
Koha item type Books
653 ## - INDEX TERM--UNCONTROLLED
Uncontrolled term Physics
653 ## - INDEX TERM--UNCONTROLLED
Uncontrolled term Popular science
Holdings
Withdrawn status Lost status Damaged status Not for loan Home library Current library Shelving location Date acquired Total Checkouts Full call number Barcode Date last seen Copy number Price effective from Koha item type
        Naharkatiya College Library Naharkatiya College Library General Stacks 19/09/2020   530.12oDEK 10699 19/09/2020 1 19/09/2020 Books

Naharkatiya College © 2020. All rights reserved.

Powered By